ශ්‍රී ලංකාවේ සාක්ෂ්‍ය නීතිය /

Saved in:
Bibliographic Details
Main Author: පිරිස්, ජි.එල්
Format: Book
Language:English
Sinhalese
Published: කොළඔ : ගොඩගේ, 2017.
Tags: Add Tag
No Tags, Be the first to tag this record!

MARC

LEADER 00000nam a22000007a 4500
003 LK-ApPL
005 20260421110947.0
008 260421b |||||||| |||| 00| 0 eng d
020 |a 9789552033179 
040 |a LK-ApPL  |b sin  |d LK-ApPL 
041 |a sin 
082 |2 23  |a 340  |b පිරිස් 
100 |a පිරිස්, ජි.එල් 
245 |a ශ්‍රී ලංකාවේ සාක්ෂ්‍ය නීතිය /  |c ජි.එල්. පිරිස් 
260 |a කොළඔ :  |b ගොඩගේ,   |c 2017. 
300 |a පි. 387 :  |c සෙ.මි.21 
942 |c LBK 
999 |c 24368  |d 24368